Likelihood analysis of linear models

Gespeichert in:
Bibliographische Detailangaben
1. Verfasser: Florens, J.P
Format: Buch
Sprache:Englisch
Veröffentlicht: Louvain Universite Catholique 1976
Tags: Tag hinzufügen
Keine Tags, Fügen Sie das erste Tag hinzu!

MARC

LEADER 00000nam a2200000 4500
001 0223106
005 20240822101703.3
041 0 |a eng 
044 |a BE 
245 1 0 |a Likelihood analysis of linear models  |c J.P. Florens ...[et al.] 
264 1 |a Louvain  |b Universite Catholique  |c 1976 
300 |a 38 s. 
100 1 |a Florens, J.P.